| 000 | 02390nam a2200445 c 4500 | ||
|---|---|---|---|
| 003 | BLK | ||
| 005 | 20230504131300.0 | ||
| 008 | 180409b bul|||||r ||||||| ||bul|| | ||
| 010 | _aKNG00143783000 | ||
| 020 |
_a978-954-2946-04-5 _bиздат.: За буквите - О писменехь |
||
| 040 | _aBLK | ||
| 041 |
_aBUL _cBUL |
||
| 072 | 7 |
_2bullib _aН6201 _xМениджмънт Н |
|
| 080 |
_aМетоди на управление. Мениджмънт. Анализи, планиране, ръководство, сътрудничество, контрол, коопериране и др. _b005.5 _x(042.3) _z005.5(042.3) |
||
| 080 |
_aУслуги. Сфера на услугите _b338.46 _x:65.012(042.3) _z338.46:65.012(042.3) |
||
| 080 |
_aМашини и устройства за обработка на данни. Вж и 003 ; 007 ; 621.391 ; 65.011.56 _b681.3 _x(042.3) _z681.3(042.3) |
||
| 100 | 1 |
_aДенчев, Стоян Георгиев _960027 |
|
| 700 | 1 |
_aХристозов, Димитър Грозданов _eсъавт. _9326024 |
|
| 700 | 1 |
_aПетева, Ирена Йорданова _eнауч. ред. _9371820 |
|
| 139 |
_aДенчев, Стоян Георгиев и др. _bД 43 |
||
| 245 | 1 | 0 |
_aТеория и практика на консултирането _bЛекции _cСтоян Георгиев Денчев; съавт. Димитър Грозданов Христозов; науч. ред. Ирена Йорданова Петева. |
| 246 | 1 | 1 | _aTheory and practice of consulting |
| 257 | _aBGR | ||
| 260 |
_аСофия _bЗа буквите - О писменехь _c2011 _fСофия : Изток-Запад |
||
| 300 |
_a96 с. _bс ил. _c20 см |
||
| 380 | _a62 | ||
| 500 | _aБиблиогр.: с. 81-95 | ||
| 650 | 4 |
_aУправленско консултиране _9316356 |
|
| 650 | 4 |
_aОрганизационно поведение _9267078 |
|
| 650 | 4 |
_aИнформационни и комуникационни технологии _9242390 |
|
| 653 | _aконсултантска дейност | ||
| 653 | _aинформационни технологии | ||
| 659 | _aН | ||
| 720 |
_aStoyan Denchev, Dimitar Christozov _eпаралелен автор |
||
| 852 | _aЦб 259789 | ||
| 856 | 4 |
_qpdf _u |
|
| 856 | 4 |
_qpdf _u |
|
| 942 |
_cKNG _n0 |
||
| 944 |
_aCR _c10.06.2013 _kГеновева_Генчева |
||
| 944 |
_aED _c04.11.2013 _k |
||
| 999 |
_c137806 _d137806 |
||